Trivial Pursuit Categories - Statistics

General Stats
  • This quiz has been taken 962 times
  • The average score is 6 of 9
Answer Stats
Color Category % Correct
Yellow History
90%
Green Science
83%
Orange Sports
83%
Blue Geography
82%
Brown Art
65%
Pink Entertainment
64%
Brown Literature
55%
Green Nature
49%
Orange Leisure
44%
No matching quizzes found
Score Distribution
Percent of People with Each Score
Percentile by Number Answered
Your Score History
You have not taken this quiz